100 Largest US Cities - G - Statistics

General Stats
  • This quiz has been taken 288 times
  • The average score is 31 of 100
Answer Stats
Rank Population City % Correct
64 25,728 Green, OH
97%
1 301,094 Greensboro, NC
94%
3 257,233 Glendale, AZ
81%
6 196,533 Glendale, CA
81%
57 27,605 Greenville, MS
80%
13 94,822 Greenville, NC
80%
18 74,207 Greenville, SC
80%
53 30,067 Greenville, TX
80%
5 202,767 Grand Rapids, MI
71%
40 36,228 Georgetown, KY
69%
15 90,262 Georgetown, TX
69%
2 262,514 Gilbert, AZ
67%
4 236,366 Garland, TX
65%
17 74,217 Gary, IN
64%
12 104,068 Green Bay, WI
63%
9 134,661 Gainesville, FL
62%
33 46,996 Gainesville, GA
62%
83 17,452 Gainesville, TX
62%
30 50,546 Galveston, TX
60%
26 57,800 Great Falls, MT
56%
10 110,997 Greeley, CO
52%
27 54,243 Grand Forks, ND
48%
8 170,542 Garden Grove, CA
46%
11 108,527 Gresham, OR
46%
19 71,573 Gulfport, MS
44%
76 20,749 Golden, CO
42%
21 64,529 Grand Junction, CO
41%
7 195,651 Grand Prairie, TX
41%
84 17,426 Greenfield, CA
40%
66 23,844 Greenfield, IN
40%
87 17,016 Greenfield, MA
40%
39 37,021 Greenfield, WI
40%
28 51,363 Grand Island, NE
38%
62 26,282 Garden City, KS
36%
63 26,112 Garden City, MI
36%
71 22,364 Garden City, NY
36%
22 60,972 Greenwood, IN
36%
67 23,467 Greenwood, SC
36%
49 31,936 Garfield, NJ
34%
51 30,636 Gloucester, MA
34%
37 39,373 Germantown, TN
32%
79 20,094 Germantown, WI
32%
20 67,815 Gaithersburg, MD
31%
14 94,774 Goodyear, AZ
29%
16 78,049 Gastonia, NC
28%
98 14,647 Glasgow, KY
28%
48 31,978 Gillette, WY
27%
43 34,490 Gadsden, AL
25%
45 33,906 Goldsboro, NC
23%
44 34,411 Goshen, IN
23%
88 16,808 Graham, NC
23%
38 38,502 Grants Pass, OR
22%
69 22,675 Griffin, GA
22%
73 21,629 Geneva, IL
21%
65 24,616 Grandview, MO
21%
25 58,225 Grapevine, TX
21%
24 58,907 Gardena, CA
20%
41 35,883 Greer, SC
20%
70 22,441 Gardner, KS
19%
77 20,705 Gardner, MA
19%
74 21,115 Gallup, NM
18%
23 59,920 Gilroy, CA
17%
61 26,852 Galt, CA
16%
55 27,821 Gladstone, MO
16%
32 47,534 Gallatin, TN
15%
31 47,622 Glenview, IL
15%
35 42,314 Grove City, OH
15%
29 50,940 Glendora, CA
14%
34 45,351 Goose Creek, SC
14%
92 15,750 Grandville, MI
14%
54 29,855 Galesburg, IL
13%
46 33,291 Garner, NC
13%
56 27,618 Granite City, IL
13%
82 17,515 Gretna, LA
13%
52 30,072 Gurnee, IL
12%
58 27,386 Glen Ellyn, IL
11%
72 22,196 Golden Valley, MN
11%
50 30,825 Goleta, CA
11%
99 14,626 Great Bend, KS
11%
91 16,024 Griffith, IN
11%
80 19,949 Groveland, FL
11%
59 27,068 Garfield Heights, OH
10%
42 35,455 Gahanna, OH
9%
60 27,062 Glen Cove, NY
9%
78 20,451 Grayslake, IL
9%
36 41,475 Greenacres, FL
9%
97 14,693 Greeneville, TN
9%
85 17,348 Grimes, IA
8%
75 20,876 Glassboro, NJ
7%
47 33,077 Glendale Heights, IL
7%
90 16,676 Goodlettsville, TN
7%
94 15,276 Groves, TX
7%
86 17,180 Godfrey, IL
6%
68 23,200 Greenbelt, MD
5%
89 16,734 Grovetown, GA
5%
96 15,028 Grain Valley, MO
4%
81 18,486 Gautier, MS
3%
100 14,583 Gloversville, NY
3%
93 15,611 Greenwood Village, CO
3%
95 15,166 Grosse Pointe Woods, MI
3%
No matching quizzes found
Score Distribution
Percent of People with Each Score
Percentile by Number Answered
Your Score History
You have not taken this quiz